Guess the 1960s song lyrics #109 - Statistics

General Stats
  • This quiz has been taken 18 times
  • The average score is 110 of 166
Answer Stats
Answer % Correct
I
87%
and
80%
For
80%
for
80%
give
80%
love
80%
the
80%
you
80%
your
80%
all
73%
I'd
73%
me
73%
that
73%
to
73%
To
73%
everything
67%
it
67%
of
67%
would
67%
Yardbirds
67%
be
60%
could
60%
if
60%
more
60%
were
60%
at
53%
make
53%
will
53%
diamond
47%
rings
47%
that's
47%
days
40%
live
40%
mine
40%
night
40%
stars
40%
They'll
40%
things
40%
with
40%
above
33%
dream
33%
sure
33%
moon
27%
bring
20%
delight
20%
diamonds
20%
door
20%
right
20%
sun
20%
thrill
20%
bright
13%
excite
13%
There'll
13%
No matching quizzes found
Score Distribution
Percent of People with Each Score
Percentile by Number Answered
Your Score History
You have not taken this quiz